000 00359nam a2200133Ia 4500
008 100328s9999 xx 000 0 und d
082 _b22639
100 _aकेळकर इंदुमती
245 _aप्रतिशोध
260 _bललित
630 _aप्रतिशोध
730 _aप्रतिशोध
942 _cBOOK
999 _c516494
_d516491